书目信息 |
| 题名: |
牛津商务词典
|
|
| 作者: | 帕利瑟 , Pallister 编 | |
| 分册: | ||
| 出版信息: | 上海 上海外语教育出版社 2000.12 |
|
| 页数: | 537页 | |
| 开本: | 20cm | |
| 丛书名: | 牛津英语百科分类词典系列 | |
| 单 册: | ||
| 中图分类: | F7-61 | |
| 科图分类: | ||
| 主题词: | 商务--英文--词典 | |
| 电子资源: | ||
| ISBN: | 7-81080-001-9 | |
| 000 | 00946oam2 2200277 45 | |
| 001 | 012002406200 | |
| 005 | 20041210145819.41 | |
| 010 | @a7-81080-001-9@dCNY 22.00 | |
| 100 | @a20020121d2000 emky0chiy0120 ea | |
| 101 | 0 | @aeng |
| 102 | @aCN@b310000 | |
| 105 | @ay e 000yy | |
| 200 | 1 | @a牛津商务词典@ANiu Jin Shang Wu Ci Dian@dOxford Dictionary of Business@f(英)帕利瑟(Pallister, J.)编 @F( Ying ) Pa Li Se (Pallister, J.) Bian @zeng |
| 210 | @a上海@c上海外语教育出版社@d2000.12 | |
| 215 | @a537页@d20cm | |
| 225 | 2 | @a牛津英语百科分类词典系列 |
| 304 | @a责任说明取自图书在版编目(CIP)数据 | |
| 306 | @a本词典(重印本)由牛津大学出版社授权出版 | |
| 410 | 0 | @12001 @a牛津英语百科分类词典系列 |
| 517 | 1 | @aOxford Dictionary of Business@zeng |
| 606 | 0 | @a商务@x英文@j词典 |
| 690 | @aF7-61@v4 | |
| 701 | 1 | @a帕利瑟@APa Li Se@bJ.@4编 |
| 701 | 1 | @aPallister@bJ.@4编 |
| 801 | 0 | @aCN@bCEPC@c20041210 |
| 905 | @a10447@dF7-61@eP020 | |
| 牛津商务词典=Oxford Dictionary of Business/(英)帕利瑟(Pallister, J.)编 .-上海:上海外语教育出版社,2000.12 |
| 537页;20cm.-(牛津英语百科分类词典系列) |
| ISBN 7-81080-001-9:CNY 22.00 |
| ● |
| 相关链接 |
|
|
|
正题名:牛津商务词典
索取号:F7-61/P020
 
预约/预借
| 序号 | 登录号 | 条形码 | 馆藏地/架位号 | 状态 | 备注 |
| 1 | 432777 | 204327772 | 社科二线422/409社科库 40排4列4层/ [索取号:F7-61/P020] | 在馆 | |
| 2 | 432778 | 204327781 | 社科库409/409社科库 40排4列4层/ [索取号:F7-61/P020] | 在馆 |